000 005110000a22001930004500
999 _c48674
_d48674
001 1514
003 CO-MdFUSB
005 20180402154708.0
008 180402b xxu||||| |||| 00| 0 eng d
020 _a978-958-30-1535-9
040 _cCO-MdBIC
082 0 4 _a705 Se17q
100 1 _aHewitt, Sally
245 1 0 _aQuímica / Sally Hewitt ; ilustraciones Ian Thompson, Catherine Ward y Peter Wilks
260 _aBogotá : Panamericana
300 _a48 P.
650 1 4 _aQuímica - Experimentos
942 _cLGB